[Event "COL-ch"]
[Site "Boyaca"]
[Date "2022.08.18"]
[Round "3"]
[White "Ruales, Nicolas"]
[Black "Caballero Marrugo, David Jose"]
[Result "0-1"]
[WhiteElo "1217"]
[BlackElo "1811"]
[PlyCount "60"]
[EventDate "2022.08.17"]
[EventType "swiss"]
[EventRounds "9"]
[EventCountry "COL"]
[SourceTitle "CBM 210 Extra"]
[Source "ChessBase"]
[SourceDate "2022.11.30"]
[SourceVersion "1"]
[SourceVersionDate "2022.11.30"]
[SourceQuality "1"]

1. e4 g6 2. d4 Bg7 3. Nc3 d6 4. f3 a6 5. Be3 Nd7 6. Qd2 b5 7. g4 Bb7 8. h4 h5 9. g5 Rc8 10. Bh3 e6 11. d5 Qe7 12. 0-0-0 Ne5 13. Bd4 Nc4 14. Qd3 Be5 15. Nge2 Ra8 16. f4 Bxf4+ 17. Nxf4 e5 18. Rhf1 exd4 19. Qxd4 Qe5 20. Qf2 Qg7 21. Nd3 Ne7 22. b3 0-0 23. bxc4 Qxc3 24. Qf6 Qxf6 25. gxf6 Nc8 26. cxb5 axb5 27. Kb2 Nb6 28. Ra1 Ra4 29. Rfe1 Re8 30. Bg2 c6 0-1

[Event "Medellin Feria de las Flores op"]
[Site "Medellin"]
[Date "2022.08.05"]
[Round "5"]
[White "Ruales, Nicolas"]
[Black "Giraldo, Emanuel"]
[Result "0-1"]
[WhiteElo "1217"]
[BlackElo "1734"]
[PlyCount "84"]
[EventDate "2022.08.03"]
[EventType "swiss"]
[EventRounds "9"]
[EventCountry "COL"]
[SourceTitle "CBM 209 Extra"]
[Source "ChessBase"]
[SourceDate "2022.09.30"]
[SourceVersion "1"]
[SourceVersionDate "2022.09.30"]
[SourceQuality "1"]

1. e4 c5 2. Nf3 d6 3. d4 cxd4 4. Nxd4 Nf6 5. Nc3 g6 6. Be3 Bg7 7. f3 0-0 8. Qd2 Nc6 9. 0-0-0 Nxd4 10. Bxd4 Be6 11. h4 Qa5 12. Kb1 Rfc8 13. g4 Rxc3 14. Qxc3 Qxa2+ 15. Kc1 Bxg4 16. fxg4 Qa1+ 17. Kd2 Nxe4+ 18. Ke1 Qxd1+ 19. Kxd1 Nxc3+ 20. bxc3 b6 21. Bxg7 Kxg7 22. Kd2 Rc8 23. Bd3 d5 24. Ra1 Rc7 25. Ra4 e5 26. Be2 f5 27. gxf5 gxf5 28. Bf1 Kf6 29. Ra1 e4 30. Be2 Rg7 31. Rf1 Ke5 32. Ba6 Rg2+ 33. Kc1 f4 34. Re1 f3 35. Rf1 Kf4 36. Bb7 Ke3 37. Bxd5 f2 38. Bc4 Rg1 39. Kb1 Rxf1+ 40. Bxf1 Kd2 41. Kb2 Ke1 42. Bg2 e3 0-1

[Event "COL-ch U14"]
[Site "Bucaramanga"]
[Date "2022.05.08"]
[Round "8"]
[White "Ruales, Nicolas"]
[Black "Medina, Juan Esteban"]
[Result "0-1"]
[WhiteElo "1179"]
[BlackElo "1430"]
[PlyCount "90"]
[EventDate "2022.05.04"]
[EventType "swiss"]
[EventRounds "9"]
[EventCountry "COL"]
[SourceTitle "EXT 2023"]
[Source "ChessBase"]
[SourceDate "2022.10.05"]
[SourceVersion "1"]
[SourceVersionDate "2022.10.05"]
[SourceQuality "1"]

1. e4 c5 2. c4 e6 3. Nc3 a6 4. a4 d6 5. g3 Nf6 6. Bg2 Nbd7 7. Nge2 Qc7 8. d3 Rb8 9. 0-0 b6 10. f4 Be7 11. h3 h6 12. g4 Nh7 13. Ng3 0-0 14. g5 hxg5 15. fxg5 Nxg5 16. Bxg5 Bxg5 17. Nge2 Be3+ 18. Kh1 Bb7 19. Rf3 Bh6 20. Rg3 f5 21. Qg1 f4 22. Rf3 Ne5 23. Raf1 Nxf3 24. Bxf3 Rf6 25. Rf2 Qf7 26. Rg2 Kh7 27. Kh2 Rg6 28. Qf2 Rxg2+ 29. Qxg2 Qg6 30. Qf2 Bc8 31. Bg2 Qf6 32. Qf3 Bd7 33. b3 Rg8 34. Nd1 e5 35. Ndc3 Be6 36. Nd5 Bxd5 37. exd5 Bg5 38. Nc3 Bh4 39. Ne4 Qg6 40. Kh1 Kh8 41. Qe2 Rf8 42. Bf3 Qh6 43. Qg2 Be7 44. Kh2 g6 45. Qf2 Rf7 0-1

[Event "Antioquia op"]
[Site "Antioquia"]
[Date "2020.03.03"]
[Round "1"]
[White "Ruales, Nicolas"]
[Black "Guarin Fonseca, Nobel Alfredo"]
[Result "0-1"]
[WhiteElo "1090"]
[BlackElo "1713"]
[PlyCount "72"]
[EventDate "2020.03.03"]
[EventType "swiss"]
[EventRounds "9"]
[EventCountry "COL"]
[SourceTitle "CBM 195 Extra"]
[Source "ChessBase"]
[SourceDate "2020.05.31"]
[SourceVersion "1"]
[SourceVersionDate "2020.05.31"]
[SourceQuality "1"]

1. e4 e6 2. d3 d5 3. Nd2 Nf6 4. g3 c5 5. Bg2 Nc6 6. f4 Be7 7. Ngf3 0-0 8. 0-0 Qb6 9. Kh1 Ng4 10. Qe2 Re8 11. h3 Nf6 12. e5 Nh5 13. Kh2 g6 14. Rg1 Bd7 15. Bh1 Rac8 16. Nf1 Ng7 17. Qg2 f6 18. g4 fxe5 19. fxe5 Rf8 20. h4 Qc7 21. Qg3 Nxe5 22. Nxe5 Bd6 23. Kh3 Bxe5 24. Qg2 d4 25. Nd2 Bc6 26. Ne4 Rf7 27. Bd2 Rcf8 28. h5 Bxe4 29. dxe4 Rf2 30. Raf1 Rxg2 31. Rxf8+ Kxf8 32. Rf1+ Kg8 33. Bxg2 gxh5 34. gxh5 Nxh5 35. Rg1 Bh2 36. Rf1 Qg3# 0-1